000 01324nam a2200325Ia 4500
001 ebr10660233
003 CaPaEBR
006 m u
007 cr cn|||||||||
008 070912s2007 nyua sb 001 0 eng d
010 _z 2008295638
020 _z1600219217
020 _z9781600219214
020 _z9781606928233 (ebook)
040 _aCaPaEBR
_cCaPaEBR
035 _a(OCoLC)300939697
050 1 4 _aTA170
_b.T43 2007eb
245 0 0 _aTechniques of scientific computing for the energy and environment
_h[electronic resource] /
_cFrederic Magoules and Riad Benelmir, editors.
260 _aNew York :
_bNova Science Publishers,
_cc2007.
300 _aviii, 102 p. :
_bill. (some col.)
504 _aIncludes bibliographical references and index.
533 _aElectronic reproduction.
_bPalo Alto, Calif. :
_cebrary,
_d2013.
_nAvailable via World Wide Web.
_nAccess may be limited to ebrary affiliated libraries.
650 0 _aEnvironmental engineering
_xData processing.
650 0 _aComputer systems
_xEnvironmental aspects.
655 7 _aElectronic books.
_2local
700 1 _aBenelmir, Riad.
700 1 _aMagoules, F.
_q(Frederic)
710 2 _aebrary, Inc.
856 4 0 _uhttp://site.ebrary.com/lib/rucke/Doc?id=10660233
_zAn electronic book accessible through the World Wide Web; click to view
999 _c66609
_d66609